LEADER 01488nam a2200301 i 4500 001 000000107131 003 CaOOAMICUS 005 20070920164924.0 008 070920s1994 it 000 u ita c 020 $a88-311-7278-6 040 $aPUG$bita$dPUL$dLDB 041 1 $aita$hger 100 1 $aRahner, Karl,$cS.I.,$d1904-1984.$0(OLS)http://pul/name/3587 240 10$aGlaube in winterlicher Zeit. Gespräche mit Karl Rahner aus den letzten Lebensjahren$lItaliano.$0(OLS)http://pul/title/134902 245 10$aConfessare la fede nel tempo dell'attesa :$binterviste /$cKarl Rahner ; Paul Imhof e Hubert Biallowons (edd.) ; introduzione all'edizione italiana e revisione di Alfredo Marranzini. 260 $aRoma :$bCittà Nuova,$c1994. 300 $a250 p. ;$c21 cm 504 $aIndici delle fonti: pp. 245-247 600 14$aRahner, Karl,$cS.I.,$d1904-1984.$0(OLS)http://pul/subject/2205 700 1 $aMarranzini, Alfredo,$cS.I.$0(OLS)http://pul/name/12132 700 1 $aImhof, Paul,$cS.I.$0(OLS)http://pul/name/21784 700 1 $aBiallowons, Hubert.$0(OLS)http://pul/name/65791 850 $aPUL 852 $aPUL$W1$xSL Religione 1$y3$m58 F 62$j121612$qStampati$B120642$CPULBib$Z2$F120642 $H71434 $82 941 1 $a8 996 $6020$a88-311-7278-6$9(OLS)http://pul/number/135697 996 $6245$aConfessare la fede nel tempo dell'attesa :$binterviste$9(OLS)http://pul/title/134901 996 $6260$aRoma :$bCittà Nuova$9(OLS)http://pul/publisher/47927 LEADER 01480nam a2200337 a 4500 001 000000148921 003 CaOOAMICUS 005 20160128141511.0 008 160128s2015 it u000 u ita r 020 $a978-88-372-2800-2* 032 $aLibriCat 040 $aPUL$bita 082 04$a103 100 1 $aLijoi, Federico.$0(OLS)http://pul/name/78706 245 12$aL'anima e lo Stato :$bHans Kelsen e Sigmund Freud /$cFederico Lijoi, Francesco Saverio Trincia. 260 $aBrescia :$bMorcelliana,$c©2015. 300 $a283 p. ;$c22 cm. 490 1 $aFilosofia. Testi e Studi ;$v66 504 $aBibliografia nelle note. 600 14$aKelsen, Hans,$d1881-1973.$0(OLS)http://pul/subject/12544 600 14$aFreud, Sigmund,$d1856-1939$xCritica e interpretazione.$0(OLS)http://pul/subject/7836 700 1 $aTrincia, Francesco Saverio.$0(OLS)http://pul/name/68203 830 0$aFilosofia (Morcelliana)$pTesti e Studi ;$v66.$0(OLS)http://pul/title/148210 850 $aPUL 852 $aPUL$W1$xSL Filosofia 3$y81$m103 COLL 12.1.66$j171637$qDDC 21$B173135$CPULBib$Z2$F173135 $H126926 $81 941 1 $a9 996 $6020$a978-88-372-2800-2*$9(OLS)http://pul/number/159476 996 $6082$a103$9(OLS)http://pul/classification/621 996 $6245$aL'anima e lo Stato :$bHans Kelsen e Sigmund Freud$9(OLS)http://pul/title/187790 996 $6260$aBrescia :$bMorcelliana$9(OLS)http://pul/publisher/47854